| 000 | 00428nam a2200121Ia 4500 | ||
|---|---|---|---|
| 008 | 160609s9999 xx 000 0 und d | ||
| 100 | _aCook, Diane J. | ||
| 245 | _aActivity Learning: Discovering, Recognizing, and Predicting Human Behavior from Sensor Data | ||
| 245 | _cBy:Diane J. Cook, Narayanan C. Krishnan | ||
| 260 | _c2015 | ||
| 650 | _xBEHAVIORAL MANAGEMENT | ||
| 856 | _uhttp://file.ebook777.com/011/978-1118893760.pdf | ||
| 999 |
_c295826 _d295826 |
||